Bottom 3 Countries - Statistics

General Stats
  • This quiz has been taken 20 times
  • The average score is 20 of 30
Answer Stats
Hint Continent Answer % Correct
Second-lowest GDP Oceania Nauru
92%
Third-lowest population Oceania Nauru
92%
Third-least democratic Asia North Korea
92%
Lowest % of internet users Asia North Korea
92%
Second-least religious Asia North Korea
92%
Lowest GDP Oceania Tuvalu
92%
Second-lowest population Oceania Tuvalu
92%
Worst inflation South America Venezuela
92%
Third-lowest GDP Oceania Marshall Islands
85%
Lowest GDP per capita Africa Burundi
77%
Lowest population density Asia Mongolia
77%
Lowest fertility rate Asia South Korea
77%
Lowest population Europe Vatican City
77%
Third-lowest GDP per capita Asia Afghanistan
69%
Least democratic Asia Afghanistan
69%
Worst women’s rights Asia Afghanistan
69%
Third-worst women’s rights Africa Central African Republic
69%
Second-lowest % of internet users Africa Central African Republic
69%
Second-lowest fertility rate Asia Singapore
69%
Third-lowest population density Oceania Australia
62%
Second-worst women’s rights Asia Yemen
62%
Third-worst inflation Asia Lebanon
54%
Second-least democratic Asia Myanmar
54%
Second-lowest population density Africa Namibia
54%
Least religious Europe Czech Republic
46%
Second-worst inflation Africa Zimbabwe
46%
Third-least religious Europe Estonia
38%
Second-lowest GDP per capita Africa South Sudan
38%
Third-lowest % of internet users Africa Uganda
31%
Third-lowest fertility rate Europe San Marino
15%
No matching quizzes found
Score Distribution
Percent of People with Each Score
Percentile by Number Answered
Your Score History
You have not taken this quiz